000 00786cam a2200217 4500
001 ABS62673
008 000000n2000 000 0 eng u
035 _a(Sirsi) u107205
245 _aTimes of change
260 _c2000
490 _aEstates Gazette
_v(0027) 8 July 2000, 134-135(2)
520 _aMainly for students article which applies valuation methods suitable for real-life situations encountered in practice. Considers rack-rented investments, reversionary investments and dealing with changing market conditions.
590 _aABS
650 _aVALUATION METHODS
650 _aRACK RENTED LEASES
650 _aREVERSIONARY INTERESTS
650 _aEQUIVALENT YIELDS
650 _aRENTAL GROWTH
690 _aPROPERTY-PROPERTY APPRAISAL AND VALUATION
942 _n0
999 _c64091
_d64091